[Event "SVK-ch U14"]
[Site "Tatralandia"]
[Date "2024.04.08"]
[Round "5"]
[White "Dudrik, Juraj"]
[Black "Simko, Stefan2"]
[Result "1/2-1/2"]
[WhiteElo "1000"]
[BlackElo "1280"]
[PlyCount "41"]
[EventDate "2024.04.05"]
[EventType "swiss"]
[EventRounds "9"]
[EventCountry "SVK"]
[SourceTitle "CB16_2024"]
[SourceDate "2024.04.17"]
[SourceVersion "1"]
[SourceVersionDate "2024.04.17"]
[SourceQuality "1"]

1. e4 e5 2. Nf3 Nc6 3. Bc4 Bc5 4. c3 d6 5. d4 exd4 6. cxd4 Bb4+ 7. Nc3 Bg4 8. a3 Bxc3+ 9. bxc3 Qf6 10. Be2 Nge7 11. h3 Bh5 12. Bg5 Qg6 13. g4 Bxg4 14. hxg4 f6 15. Be3 Qxg4 16. Nd2 Qd7 17. d5 Ne5 18. f4 Nf7 19. c4 f5 20. exf5 Nxf5 21. Bg4 1/2-1/2

[Event "SVK-ch U14"]
[Site "Tatralandia"]
[Date "2024.04.05"]
[Round "1"]
[White "Mazag, Martin"]
[Black "Dudrik, Juraj"]
[Result "1-0"]
[WhiteElo "1693"]
[BlackElo "1000"]
[PlyCount "119"]
[EventDate "2024.04.05"]
[EventType "swiss"]
[EventRounds "9"]
[EventCountry "SVK"]
[SourceTitle "CB16_2024"]
[SourceDate "2024.04.17"]
[SourceVersion "1"]
[SourceVersionDate "2024.04.17"]
[SourceQuality "1"]

1. e4 c6 2. d4 d5 3. exd5 cxd5 4. Bd3 Nc6 5. c3 e5 6. dxe5 Nxe5 7. Qe2 Qe7 8. Bb5+ Bd7 9. Bxd7+ Nxd7 10. Bf4 Qxe2+ 11. Nxe2 Ngf6 12. Nd2 Bc5 13. f3 0-0 14. 0-0-0 Rac8 15. Nb3 Bb6 16. Ned4 Nc5 17. Nf5 Nxb3+ 18. axb3 Kh8 19. Bg5 Rfd8 20. Bxf6 gxf6 21. Nd4 Kg7 22. Rd3 Rc7 23. Rhd1 Rcd7 24. g4 Kg6 25. Nf5 h5 26. h3 hxg4 27. hxg4 Kg5 28. c4 d4 29. b4 Bc7 30. Rxd4 Rxd4 31. Rxd4 Rxd4 32. Nxd4 Kf4 33. Kd2 a5 34. bxa5 Bxa5+ 35. Ke2 Bb6 36. Nb5 Bc5 37. Nc3 f5 38. gxf5 Kxf5 39. Ne4 Bd4 40. b4 Ke5 41. Kd3 f5 42. Ng5 Ba7 43. Nf7+ Kf6 44. Nd8 b6 45. Nc6 Ke6 46. Nxa7 Kd6 47. Kd4 Kc7 48. Nb5+ Kc6 49. Ke5 Kd7 50. Kxf5 Ke7 51. Kg6 Kf8 52. f4 Kg8 53. Kf6 Kf8 54. f5 Ke8 55. Kg7 Kd8 56. f6 Kd7 57. f7 Kc6 58. f8Q Kb7 59. Qe7+ Kc6 60. Qc7# 1-0